[Event "Vers la Matrise"]
[Site "Montreal CAN"]
[Date "1996.??.??"]
[Round "2"]
[White "Gladu, Pierre"]
[Black "Girard, Robin"]
[Result "1-0"]
[WhiteElo "2160"]
[BlackElo "2300"]
[PlyCount "80"]
[EventDate "1996.??.??"]
[EventType "swiss"]
[EventRounds "6"]
[EventCountry "CAN"]

1. e4 c5 2. Nf3 d6 3. d4 cxd4 4. Nxd4 Nf6 5. Nc3 a6 6. Be2 e5 7. Nb3 Be7 8. Be3
O-O 9. Qd2 Be6 10. f4 exf4 11. Bxf4 Nc6 12. O-O-O Ne5 13. Nd4 Nfd7 14. Nf5 Bxf5
15. exf5 Nf6 16. g4 b5 17. a3 Nc4 18. Bxc4 bxc4 19. g5 Nh5 20. Rhg1 d5 21. f6
Bxa3 22. bxa3 d4 23. Qxd4 Nxf4 24. Qxf4 Qa5 25. Nb1 Rfb8 26. Qxc4 Rc8 27. Qa2
Rab8 28. g6 hxg6 29. Rxg6 Qf5 30. Rxg7+ Kh8 31. Rg3 Qxf6 32. Rb3 Qf4+ 33. Rd2
Qf1+ 34. Rd1 Qf4+ 35. Nd2 Qd4 36. Qb2 Qxb2+ 37. Rxb2 Kg7 38. c4 f5 39. Rxb8
Rxb8 40. Kc2 Rh8 1-0

[Event "Vers la Matrise"]
[Site "Montreal CAN"]
[Date "1996.??.??"]
[Round "4"]
[White "Tremblay, Alain"]
[Black "Girard, Robin"]
[Result "0-1"]
[WhiteElo "1940"]
[BlackElo "2300"]
[PlyCount "90"]
[EventDate "1996.??.??"]
[EventType "swiss"]
[EventRounds "6"]
[EventCountry "CAN"]

1. e4 c5 2. c3 e6 3. d4 d5 4. exd5 exd5 5. Be3 c4 6. b3 cxb3 7. axb3 Nc6 8. Bd3
Bd6 9. Nf3 Nge7 10. O-O O-O 11. Qc2 h6 12. b4 Bg4 13. Nbd2 Rc8 14. Qb1 f5 15.
b5 Na5 16. Ne5 Rxc3 17. Nef3 Nb3 18. Rxa7 Bxf3 19. Nxf3 f4 20. Bc1 Nxc1 21.
Rxc1 Rxc1+ 22. Qxc1 Qd7 23. Ra2 Nf5 24. h3 g5 25. Qc2 Nh4 26. Be2 Rc8 27. Qb1
Qf5 28. Qxf5 Rc1+ 29. Kh2 Nxf5 30. Ra8+ Kg7 31. Ra7 Ng3 32. Rxb7+ Kf6 33. Ng1
Nxe2 34. Nxe2 f3+ 35. Ng3 h5 36. Rb6 Ke7 37. Rc6 Rb1 38. b6 h4 39. gxf3 hxg3+
40. fxg3 Rb2+ 41. Kg1 Kd7 42. Rc3 Bxg3 43. Rc5 Kd6 44. b7 Bf2+ 45. Kf1 Bxd4 0-1

[Event "Vers la Matrise"]
[Site "Montreal CAN"]
[Date "1996.??.??"]
[Round "5"]
[White "Girard, Robin"]
[Black "Saint-Pierre, Benoit"]
[Result "0-1"]
[WhiteElo "2300"]
[BlackElo "2275"]
[PlyCount "54"]
[EventDate "1996.??.??"]
[EventType "swiss"]
[EventRounds "6"]
[EventCountry "CAN"]

1. e4 c5 2. Nf3 d6 3. d4 cxd4 4. Nxd4 Nf6 5. Nc3 Nc6 6. Bc4 e6 7. Bb3 a6 8. Be3
Qc7 9. f4 b5 10. O-O Be7 11. f5 Nxd4 12. Bxd4 O-O 13. Qf3 e5 14. Be3 Bb7 15. a3
Bc6 16. g4 Qb7 17. Rad1 b4 18. axb4 Qxb4 19. g5 Nd7 20. g6 Nf6 21. Bxf7+ Rxf7
22. gxf7+ Kxf7 23. Bg5 Nxe4 24. Qh5+ Kg8 25. Be3 Nxc3 26. bxc3 Qe4 27. Qh3 Bh4
0-1

[Event "Le Cancer"]
[Site "Charlesbourg CAN"]
[Date "1993.07.17"]
[Round "2"]
[White "Vallieres, Mario"]
[Black "Girard, Robin"]
[Result "0-1"]
[WhiteElo "1912"]
[BlackElo "2214"]
[PlyCount "128"]
[EventDate "1993.07.16"]
[EventType "swiss"]
[EventRounds "5"]
[EventCountry "CAN"]

1. d4 Nf6 2. Nc3 g6 3. e4 d6 4. f3 Bg7 5. Be3 Na6 6. Qd2 O-O 7. O-O-O c6 8. g4
b5 9. Nce2 Qc7 10. h4 c5 11. h5 Bxg4 12. hxg6 fxg6 13. fxg4 Nb4 14. Nc3 Nxg4
15. Bh3 Nxe3 16. Be6+ Kh8 17. Qxe3 cxd4 18. Rxd4 Qc5 19. Nge2 h5 20. Qd2 Kh7
21. Kb1 Rf2 22. a3 Bxd4 23. axb4 Bxc3 24. bxc3 Qe5 25. Bd5 Raf8 26. Qd3 e6 27.
Bb3 R8f3 28. Qd1 Qxe4 29. Nd4 Rf6 30. Re1 Qxe1 31. Qxe1 Rf1 32. Qxf1 Rxf1+ 33.
Kb2 e5 34. Nxb5 h4 35. Nxa7 h3 36. Bd5 Rd1 37. Bf3 e4 38. Bxe4 Re1 39. Bc6 Re7
40. Nb5 g5 41. Nd4 g4 42. Nf5 Rc7 43. Be4 Kg6 44. b5 d5 45. Ne7+ Kg5 46. Nxd5
g3 47. Nxc7 g2 48. Ne6+ Kf6 49. Nd4 g1=Q 50. b6 Qg8 51. b7 Qd8 52. Kc1 Qb6 53.
Kd2 h2 54. Kd3 Kg5 55. c4 Kf4 56. Bd5 Qg6+ 57. Kd2 Qd6 58. Nc6 h1=Q 59. b8=Q
Qh2+ 60. Kd3 Qg3+ 61. Kd2 Qf2+ 62. Kc1 Qe1+ 63. Kb2 Qxb8+ 64. Nxb8 Qb4+ 0-1

[Event "Le Cancer"]
[Site "Charlesbourg CAN"]
[Date "1993.07.18"]
[Round "5"]
[White "Tremblay, Sylvain"]
[Black "Girard, Robin"]
[Result "0-1"]
[WhiteElo "2118"]
[BlackElo "2180"]
[PlyCount "46"]
[EventDate "1993.07.16"]
[EventType "swiss"]
[EventRounds "5"]
[EventCountry "CAN"]

1. d4 Nf6 2. c4 g6 3. Nc3 Bg7 4. e4 d6 5. Nf3 O-O 6. h3 e5 7. d5 Nh5 8. Nh2 Na6
9. Be2 Nf4 10. Bf3 Nc5 11. Bxf4 exf4 12. Qc2 f5 13. O-O fxe4 14. Bxe4 Nxe4 15.
Qxe4 Bf5 16. Qf3 h5 17. Rfe1 Qh4 18. Rac1 g5 19. g4 fxg3 20. Qxg3 Qxg3+ 21.
fxg3 Bxh3 22. Re7 Bd4+ 23. Kh1 Rf2 0-1

[Event "Laval X"]
[Site "Laval CAN"]
[Date "1993.04.03"]
[Round "3"]
[White "Bolduc, Steve"]
[Black "Girard, Robin"]
[Result "1-0"]
[WhiteElo "2031"]
[BlackElo "2238"]
[PlyCount "93"]
[EventDate "1993.04.02"]
[EventType "swiss"]
[EventRounds "5"]
[EventCountry "CAN"]

1. d4 h6 2. c4 a6 3. Nc3 c5 4. d5 g5 5. e4 Bg7 6. h4 Qc7 7. hxg5 hxg5 8. Rxh8
Bxh8 9. Bd2 b5 10. Qh5 Bf6 11. Nf3 b4 12. Nxg5 Bxg5 13. Qxg5 Kf8 14. Be2 Qh2
15. Na4 Ra7 16. O-O-O d6 17. Bf4 Qh7 18. Bd3 Qg7 19. Qxg7+ Kxg7 20. e5 Bd7 21.
Bc2 Bxa4 22. Bxa4 Nd7 23. exd6 Nb6 24. Bc6 exd6 25. Bxd6 Nxc4 26. Bxc5 Rc7 27.
Rd4 Na5 28. Bd6 Rxc6+ 29. dxc6 Nxc6 30. Rg4+ Kh7 31. Rc4 Nd8 32. Rxb4 Ne6 33.
Ra4 Nf6 34. Rxa6 Ne4 35. f3 Nf6 36. b4 Kg6 37. b5 Nd7 38. b6 Nd8 39. Bc7 Nb7
40. Ra7 Ndc5 41. a4 Kf5 42. a5 Ke6 43. a6 Na5 44. b7 Nd3+ 45. Kd2 Nc4+ 46. Kxd3
Ne5+ 47. Bxe5 1-0

[Event "Mauricie op"]
[Site "Trois-Rivieres CAN"]
[Date "1993.03.19"]
[Round "1"]
[White "Tremblay, Sylvain"]
[Black "Girard, Robin"]
[Result "1/2-1/2"]
[WhiteElo "2051"]
[BlackElo "2241"]
[PlyCount "61"]
[EventDate "1993.03.19"]
[EventType "swiss"]
[EventRounds "5"]
[EventCountry "CAN"]

1. d4 Nf6 2. c4 g6 3. Nf3 Bg7 4. g3 O-O 5. Bg2 d6 6. O-O Nc6 7. d5 Na5 8. Na3
c5 9. Nd2 a6 10. Nb3 Rb8 11. Bd2 Nxb3 12. axb3 b5 13. Ra2 e5 14. Nc2 b4 15. Qc1
Ne8 16. e4 f5 17. f4 exf4 18. Bxf4 Rb7 19. Bg5 Qb6 20. Bh3 Rbf7 21. exf5 Bxf5
22. Bxf5 Rxf5 23. Rxf5 Rxf5 24. Bf4 h5 25. Kg2 Kh7 26. Qe1 Be5 27. Ne3 Rf7 28.
Bxe5 dxe5 29. Ra1 Nd6 30. Qe2 Kg7 31. Rf1 1/2-1/2

[Event "Bonne annee"]
[Site "Charny CAN"]
[Date "1993.01.10"]
[Round "5"]
[White "Tremblay, Sylvain"]
[Black "Girard, Robin"]
[Result "0-1"]
[WhiteElo "2019"]
[BlackElo "2183"]
[PlyCount "48"]
[EventDate "1993.01.08"]
[EventType "swiss"]
[EventRounds "5"]
[EventCountry "CAN"]

1. e4 c5 2. Nf3 d6 3. d4 cxd4 4. Nxd4 Nf6 5. Nc3 a6 6. Bg5 e6 7. f4 Be7 8. Qf3
Qc7 9. O-O-O Nbd7 10. Nb3 b5 11. a3 Bb7 12. Bd3 Rc8 13. Rhe1 h6 14. Bxf6 Bxf6
15. Nd5 exd5 16. exd5+ Kf8 17. Re2 g6 18. g4 Nc5 19. Nxc5 Qxc5 20. Be4 Kg7 21.
h4 Bxh4 22. f5 Rhf8 23. c3 a5 24. Bc2 Rce8 0-1

[Event "St-Jean"]
[Site "St-Jean CAN"]
[Date "1992.11.07"]
[Round "1"]
[White "Beauchamp, Jean-Pierre"]
[Black "Girard, Robin"]
[Result "1/2-1/2"]
[WhiteElo "2022"]
[BlackElo "2179"]
[PlyCount "89"]
[EventDate "1992.11.07"]
[EventType "swiss"]
[EventRounds "4"]
[EventCountry "CAN"]

1. e4 c5 2. Nf3 d6 3. d4 cxd4 4. Nxd4 Nf6 5. Nc3 a6 6. a4 e5 7. Nb3 Be7 8. Be2
Be6 9. Be3 O-O 10. O-O Nbd7 11. f3 Qc7 12. Rc1 Nb6 13. Nd2 d5 14. exd5 Nbxd5
15. Nxd5 Nxd5 16. Bf2 Rad8 17. c4 Nb4 18. Qe1 Bg5 19. Ne4 Bxc1 20. Qxb4 Bh6 21.
Bb6 Qc6 22. Bxd8 Rxd8 23. Qe7 Re8 24. Qb4 f5 25. Ng3 Be3+ 26. Kh1 Bc5 27. Qc3
Bd4 28. Qc2 g6 29. Bd3 Rc8 30. b3 Kg7 31. Qe2 Qb6 32. Rb1 Qb4 33. f4 Rc5 34.
Rd1 Qxb3 35. Rb1 Qxa4 36. Rxb7+ Kf6 37. Nh5+ gxh5 38. Qxh5 Qa1+ 39. Bb1 exf4
40. Qh6+ Ke5 41. Qg7+ Kd6 42. Qe7+ Ke5 43. Qg7+ Kd6 44. Qe7+ Ke5 45. Qg7+
1/2-1/2

[Event "St-Jean"]
[Site "St-Jean CAN"]
[Date "1992.11.08"]
[Round "3"]
[White "Girard, Robin"]
[Black "Cazelais, Marc"]
[Result "1-0"]
[WhiteElo "2179"]
[BlackElo "2131"]
[PlyCount "73"]
[EventDate "1992.11.07"]
[EventType "swiss"]
[EventRounds "4"]
[EventCountry "CAN"]

1. e4 c5 2. Nc3 Nc6 3. Nge2 g6 4. d4 cxd4 5. Nxd4 Bg7 6. Be3 d6 7. Be2 Nf6 8.
O-O O-O 9. Nb3 Be6 10. f4 Na5 11. f5 Bc4 12. Bd3 Bxd3 13. cxd3 Nc6 14. d4 b5
15. Qf3 b4 16. Ne2 Rc8 17. Rac1 Qd7 18. g4 Kh8 19. Ng3 a5 20. Rcd1 Qc7 21. g5
Nd7 22. h4 a4 23. Nc1 Kg8 24. Nce2 Qa5 25. h5 a3 26. b3 Na7 27. Qg4 Qd8 28.
fxg6 fxg6 29. hxg6 Rxf1+ 30. Rxf1 hxg6 31. Qe6+ Kh8 32. Kg2 Nf8 33. Rh1+ Nh7
34. Qxg6 Qg8 35. Qh5 Rc2 36. g6 Rxa2 37. Qf5 1-0

[Event "St-Jean"]
[Site "St-Jean CAN"]
[Date "1992.11.08"]
[Round "4"]
[White "Bolduc, Steve"]
[Black "Girard, Robin"]
[Result "1/2-1/2"]
[WhiteElo "2081"]
[BlackElo "2179"]
[PlyCount "20"]
[EventDate "1992.11.07"]
[EventType "swiss"]
[EventRounds "4"]
[EventCountry "CAN"]

1. d4 Nf6 2. Nf3 g6 3. Bg5 Bg7 4. Nbd2 d5 5. e3 O-O 6. Bd3 Bg4 7. O-O Nbd7 8.
h3 Bxf3 9. Nxf3 c5 10. c4 cxd4 1/2-1/2

[Event "Quebec-ch Amateur"]
[Site "Montreal CAN"]
[Date "1992.10.10"]
[Round "2"]
[White "Bolduc, Steve"]
[Black "Girard, Robin"]
[Result "0-1"]
[WhiteElo "2009"]
[BlackElo "2160"]
[PlyCount "54"]
[EventDate "1992.10.09"]
[EventType "swiss"]
[EventRounds "5"]
[EventCountry "CAN"]

1. d4 Nf6 2. c4 g6 3. Nc3 Bg7 4. g3 O-O 5. Bg2 d6 6. Nf3 Nc6 7. O-O Bf5 8. d5
Na5 9. Nd2 c5 10. e4 Bd7 11. Qc2 a6 12. b3 b5 13. Bb2 Rb8 14. Rab1 e5 15. dxe6
Bxe6 16. Nd5 bxc4 17. bxc4 Rxb2 18. Rxb2 Nxd5 19. cxd5 Bxb2 20. Qxb2 Bd7 21. e5
Bb5 22. Rc1 dxe5 23. Qxe5 Nb7 24. Ne4 f6 25. Qe6+ Kg7 26. Nxc5 Nxc5 27. Rxc5
Re8 0-1

[Event "Quebec-ch Amateur"]
[Site "Montreal CAN"]
[Date "1992.10.10"]
[Round "3"]
[White "Girard, Robin"]
[Black "Seguin, Rene"]
[Result "1-0"]
[WhiteElo "2161"]
[BlackElo "1989"]
[PlyCount "55"]
[EventDate "1992.10.09"]
[EventType "swiss"]
[EventRounds "5"]
[EventCountry "CAN"]

1. e4 c5 2. Nf3 d6 3. d4 cxd4 4. Nxd4 Nf6 5. Nc3 Nc6 6. Bc4 Qb6 7. Nb3 e6 8.
Be3 Qc7 9. Be2 a6 10. a4 b6 11. O-O Be7 12. f4 O-O 13. Kh1 Nb4 14. Bf3 e5 15.
f5 Bb7 16. Rf2 Rfd8 17. Rd2 Bc6 18. a5 bxa5 19. Nxa5 Bb5 20. g4 h6 21. h4 Nh7
22. Qg1 Rab8 23. g5 hxg5 24. hxg5 Qd7 25. Rh2 f6 26. g6 Ng5 27. Bxg5 fxg5 28.
Rh8+ 1-0

[Event "Festival gourmands"]
[Site "Asbestos CAN"]
[Date "1992.08.15"]
[Round "3"]
[White "Levtchouk, George"]
[Black "Girard, Robin"]
[Result "1-0"]
[WhiteElo "2313"]
[BlackElo "2119"]
[PlyCount "41"]
[EventDate "1992.08.14"]
[EventType "swiss"]
[EventRounds "5"]
[EventCountry "CAN"]

1. d4 Nf6 2. c4 e6 3. Nc3 d5 4. cxd5 Nxd5 5. e4 Nxc3 6. bxc3 c5 7. Rb1 Be7 8.
Nf3 O-O 9. Bd3 b6 10. Qe2 Bb7 11. O-O Nc6 12. Bb2 Rc8 13. a3 Rc7 14. Rfd1 Rd7
15. d5 exd5 16. exd5 Rxd5 17. Bxh7+ Kh8 18. Be4 Rxd1+ 19. Rxd1 Qc7 20. Nh4 Qe5
21. Rd5 1-0

[Event "Festival gourmands"]
[Site "Asbestos CAN"]
[Date "1992.08.16"]
[Round "4"]
[White "Morin, Louis"]
[Black "Girard, Robin"]
[Result "0-1"]
[WhiteElo "1994"]
[BlackElo "2119"]
[PlyCount "106"]
[EventDate "1992.08.14"]
[EventType "swiss"]
[EventRounds "5"]
[EventCountry "CAN"]

1. e4 e6 2. d4 c5 3. Nf3 cxd4 4. c3 d3 5. Bxd3 Nc6 6. O-O d6 7. c4 Nf6 8. Nc3
Be7 9. Re1 O-O 10. h3 a6 11. Be3 b6 12. Rc1 Bb7 13. Bf1 Rc8 14. b3 Nd7 15. Nd4
Nc5 16. Nxc6 Bxc6 17. f3 Rc7 18. Qe2 Re8 19. Qf2 Qb8 20. b4 Nd7 21. b5 axb5 22.
cxb5 Ba8 23. Na4 Rxc1 24. Rxc1 Nc5 25. Nxc5 dxc5 26. a4 Qe5 27. a5 bxa5 28.
Bxc5 Bf6 29. Qa2 Qf4 30. Rc2 Be5 31. Qxa5 f5 32. Rd2 Bc7 33. b6 Qh2+ 34. Kf2
Bg3+ 35. Ke2 fxe4 36. fxe4 Bxe4 37. Qa4 Bg6 38. Qd4 Bh5+ 39. Kd3 Be5 40. Qf2
Rc8 41. Ra2 Bg6+ 42. Ke2 Rd8 43. Ra3 Bb2 44. Rb3 Bc2 45. Rxb2 Qe5+ 46. Qe3 Qxb2
47. Qxe6+ Kh8 48. Kf3 Qc3+ 49. Qe3 Qf6+ 50. Kg3 Qxf1 51. Bd6 Qf7 52. Qe7 Qxe7
53. Bxe7 Rd7 0-1

[Event "Montcalm IV"]
[Site "Quebec CAN"]
[Date "1992.02.12"]
[Round "5"]
[White "Girard, Robin"]
[Black "Tremblay, Sylvain"]
[Result "1/2-1/2"]
[WhiteElo "2163"]
[BlackElo "2039"]
[PlyCount "152"]
[EventDate "1992.??.??"]
[EventType "swiss"]
[EventRounds "4"]
[EventCountry "CAN"]

1. e4 e5 2. Nf3 Nf6 3. Nxe5 d6 4. Nf3 Nxe4 5. d4 Be7 6. Bd3 d5 7. O-O Nc6 8. c4
Nf6 9. h3 O-O 10. Nc3 dxc4 11. Bxc4 Bf5 12. a3 Bd6 13. Bg5 h6 14. Bh4 a6 15.
Re1 g5 16. Bg3 Bxg3 17. fxg3 Qd6 18. g4 Bg6 19. Ne5 Nxe5 20. dxe5 Qc5+ 21. Kh1
Qxc4 22. exf6 Rad8 23. Qf3 Qb3 24. Re2 Rd3 25. Qf2 Rfd8 26. Rae1 Qc4 27. Re5
Qc6 28. Rc5 Qd6 29. Re2 Rd4 30. Rce5 Rf4 31. Qe3 Rf1+ 32. Kh2 Rxf6 33. g3 Rf1
34. Nd5 Kh7 35. Kg2 Rd1 36. Ne7 Rd7 37. Nf5 Qc6+ 38. Qe4 Qc1 39. Re8 Qc5 40.
Qe3 Qxe3 41. R8xe3 c5 42. Rc3 R1d2 43. Kf3 b6 44. b3 R7d3+ 45. Re3 Rxc3 46.
Rxc3 h5 47. Ne3 Rd4 48. gxh5 Bxh5+ 49. g4 Bg6 50. Nc4 b5 51. Ne3 Rd3 52. Rxc5
Rxb3 53. a4 bxa4 54. Ra5 a3 55. Rxa6 Bb1 56. Kf2 a2 57. Ra7 Kg7 58. Nf5+ Bxf5
59. gxf5 Rxh3 60. Kg2 Rh4 61. Rxa2 Rf4 62. Kg3 Rxf5 63. Kg4 Kg6 64. Ra6+ f6 65.
Ra8 Rf4+ 66. Kg3 Rb4 67. Ra6 Kf5 68. Ra5+ Ke4 69. Kg4 Ke3+ 70. Kg3 Rb1 71. Rf5
Rb6 72. Ra5 Rd6 73. Kg4 Rd4+ 74. Kg3 Ke4 75. Kg4 Rd5 76. Ra8 Re5 1/2-1/2

[Event "Par equipe"]
[Site "Charlesbourg CAN"]
[Date "1992.01.20"]
[Round "3"]
[White "Girard, Robin"]
[Black "Tremblay, Sylvain"]
[Result "0-1"]
[WhiteElo "2208"]
[BlackElo "1959"]
[PlyCount "106"]
[EventDate "1992.??.??"]
[EventType "team"]
[EventCountry "CAN"]

1. e4 c5 2. Nc3 Nc6 3. f4 g6 4. Nf3 Bg7 5. Bb5 Nd4 6. Nxd4 cxd4 7. Ne2 Nf6 8.
Bd3 d6 9. O-O Qb6 10. Kh1 O-O 11. b3 e5 12. Bb2 Bg4 13. fxe5 dxe5 14. h3 Bxe2
15. Qxe2 Nh5 16. Qf3 Bh6 17. Ba3 Bxd2 18. Bxf8 Rxf8 19. g3 Qc7 20. Rad1 Be3 21.
Bc4 Qd7 22. Kg2 Qe7 23. c3 Kg7 24. cxd4 exd4 25. Kh1 Qa3 26. Qg2 Qd6 27. Rf3
Qe5 28. Rdf1 f6 29. Bd3 b5 30. Be2 Rc8 31. Bd1 Rc1 32. Kh2 Qxe4 33. Qe2 f5 34.
b4 f4 35. Rxf4 Nxf4 36. gxf4 Bxf4+ 37. Kg1 Be3+ 38. Kh2 Bf4+ 39. Kg1 Qe3+ 40.
Qxe3 Bxe3+ 41. Kg2 d3 42. Kf3 Bg5 43. Ke4 d2 44. Kd3 Ra1 45. h4 Bh6 46. Ke2 Rb1
47. Bb3 Rxf1 48. Kxf1 Kf6 49. Ke2 Bf4 50. Bd5 Ke5 51. Bc6 Kd4 52. Bxb5 Kc3 53.
Bd3 d1=Q+ 0-1

[Event "Par equipe"]
[Site "Charlesbourg CAN"]
[Date "1992.02.17"]
[Round "6"]
[White "Tremblay, Sylvain"]
[Black "Girard, Robin"]
[Result "0-1"]
[WhiteElo "1959"]
[BlackElo "2208"]
[PlyCount "62"]
[EventDate "1992.??.??"]
[EventType "team"]
[EventCountry "CAN"]

1. d4 d5 2. c4 e6 3. Nc3 c5 4. cxd5 exd5 5. Nf3 Nc6 6. g3 Nf6 7. Bg2 Be7 8. O-O
O-O 9. dxc5 d4 10. Na4 Re8 11. b4 Bg4 12. b5 Bxf3 13. Bxf3 Ne5 14. Bxb7 Rb8 15.
Bg2 Rxb5 16. Bb2 Bxc5 17. Nxc5 Rxb2 18. Re1 h5 19. Qc1 Rb4 20. f4 Rc4 21. Qa3
Neg4 22. Nb7 Qd7 23. Qd6 Qf5 24. Rad1 Ne4 25. Qa6 Ne3 26. Bf3 Re6 27. Qxa7 Nxd1
28. Rxd1 h4 29. Qb8+ Kh7 30. g4 Qb5 31. Qd8 Qxb7 0-1

[Event "Par equipes"]
[Site "Charlesbourg CAN"]
[Date "1991.02.24"]
[Round "2"]
[White "Lessard, Claude"]
[Black "Girard, Robin"]
[Result "0-1"]
[WhiteElo "2052"]
[BlackElo "2245"]
[PlyCount "74"]
[EventDate "1991.02.17"]
[EventType "team"]
[EventCountry "CAN"]

1. d4 Nf6 2. c4 g6 3. Nc3 Bg7 4. e4 d6 5. f3 O-O 6. Be3 e5 7. d5 Nh5 8. Qd2
Qh4+ 9. Bf2 Qe7 10. O-O-O f5 11. exf5 gxf5 12. Bd3 Nf4 13. Nge2 Nxd3+ 14. Qxd3
Nd7 15. Ng3 e4 16. fxe4 Ne5 17. Qe2 fxe4 18. Ncxe4 Bg4 19. Qc2 Bxd1 20. Rxd1
Ng4 21. Bg1 Rae8 22. Kb1 Rf4 23. h3 Nh6 24. Re1 Nf5 25. Nf6+ Bxf6 26. Rxe7 Bxe7
27. Qd2 Bg5 28. Qd3 Re1+ 29. Kc2 Rxg1 30. Nxf5 Rxg2+ 31. Kb3 Rgf2 32. Nd4 Bf6
33. Qg3+ Kh8 34. Qe3 Bxd4 35. Qe8+ Rf8 36. Qe7 Rxb2+ 37. Ka3 Rf3+ 0-1

[Event "Bonne annee"]
[Site "Charny CAN"]
[Date "1991.01.05"]
[Round "2"]
[White "Tremblay, Sylvain"]
[Black "Girard, Robin"]
[Result "1/2-1/2"]
[WhiteElo "1875"]
[BlackElo "2234"]
[PlyCount "72"]
[EventDate "1991.01.04"]
[EventType "swiss"]
[EventRounds "5"]
[EventCountry "CAN"]

1. d4 Nf6 2. c4 g6 3. Nc3 Bg7 4. e4 d6 5. Be2 O-O 6. Nf3 e5 7. Be3 h6 8. h3
exd4 9. Nxd4 Re8 10. Qc2 Nbd7 11. O-O c6 12. Nb3 Qe7 13. Nd2 Nc5 14. Bxc5 dxc5
15. f4 Nh7 16. e5 Bf5 17. Bd3 Bxd3 18. Qxd3 Rad8 19. Qc2 g5 20. Nde4 gxf4 21.
Nd6 Rf8 22. Rae1 Bxe5 23. Nf5 Qf6 24. Nxh6+ Kh8 25. Ng4 Bd4+ 26. Kh1 Qh4 27.
Qf5 f3 28. Qxf3 f5 29. Nh2 Ng5 30. Qe2 Bxc3 31. bxc3 Ne4 32. Kg1 Rd2 33. Nf3
Rxe2 34. Nxh4 Rxe1 35. Rxe1 Rf7 36. Nxf5 Nxc3 1/2-1/2

[Event "Bois de Coulonge"]
[Site "Quebec CAN"]
[Date "1991.08.18"]
[Round "4"]
[White "Tremblay, Sylvain"]
[Black "Girard, Robin"]
[Result "0-1"]
[WhiteElo "1919"]
[BlackElo "2175"]
[PlyCount "52"]
[EventDate "1991.??.??"]
[EventCountry "CAN"]

1. d4 Nf6 2. c4 c5 3. d5 b5 4. cxb5 a6 5. Nc3 axb5 6. e4 b4 7. Nb5 d6 8. Bf4
Nxe4 9. Qe2 g5 10. Qxe4 gxf4 11. Bc4 Bg7 12. Qe2 O-O 13. Nf3 Bg4 14. Rb1 Nd7
15. a3 Ne5 16. axb4 Ra4 17. b3 Rxb4 18. O-O e6 19. Rfd1 Nxc4 20. bxc4 Rxb1 21.
Rxb1 e5 22. Qd3 f5 23. Nd2 e4 24. Qa3 Qg5 25. h3 Bh5 26. f3 e3 0-1

[Event "Bonne Annee"]
[Site "Charny CAN"]
[Date "1990.01.06"]
[Round "2"]
[White "Girard, Robin"]
[Black "Lapierre, Gaetan"]
[Result "1-0"]
[WhiteElo "2233"]
[BlackElo "1774"]
[PlyCount "53"]
[EventDate "1990.01.05"]
[EventType "swiss"]
[EventRounds "5"]
[EventCountry "CAN"]

1. e4 c5 2. Nf3 d6 3. d4 cxd4 4. Nxd4 Nf6 5. Nc3 a6 6. Bc4 e6 7. Bb3 Be7 8. f4
O-O 9. Qf3 Nbd7 10. Be3 Nc5 11. O-O Qc7 12. f5 e5 13. Nde2 Nxb3 14. axb3 b5 15.
g4 Bb7 16. g5 Nxe4 17. Nxe4 d5 18. f6 dxe4 19. Qf2 Bd6 20. fxg7 Kxg7 21. Ng3 f5
22. gxf6+ Kf7 23. Qf5 Kg8 24. Rad1 Rad8 25. Qg5+ Kh8 26. f7 Rxf7 27. Rxf7 1-0

[Event "Bonne Annee"]
[Site "Charny CAN"]
[Date "1990.01.06"]
[Round "3"]
[White "Sauve, Richard"]
[Black "Girard, Robin"]
[Result "0-1"]
[WhiteElo "1987"]
[BlackElo "2233"]
[PlyCount "70"]
[EventDate "1990.01.05"]
[EventType "swiss"]
[EventRounds "5"]
[EventCountry "CAN"]

1. Nf3 Nf6 2. g3 g6 3. Bg2 Bg7 4. O-O O-O 5. d3 d6 6. e4 c5 7. Nbd2 Nc6 8. a4
e5 9. Nc4 h6 10. h3 Be6 11. b3 Nh5 12. Be3 Kh7 13. Rb1 a6 14. c3 b5 15. Nb2 Qe8
16. d4 exd4 17. cxd4 cxd4 18. Nxd4 Nxd4 19. Bxd4 Bxb3 20. Qxb3 Bxd4 21. Qd3 Qe5
22. Nd1 Nxg3 23. axb5 Nxf1 24. Kxf1 Rfb8 25. bxa6 Rxb1 26. Qxb1 Rxa6 27. Qb7
Ra7 28. Qd5 Qxd5 29. exd5 Ra2 30. Bf3 Kg7 31. Kg2 f5 32. h4 Kf6 33. Kg3 g5 34.
hxg5+ hxg5 35. Bh5 Rd2 0-1

[Event "Bonne Annee"]
[Site "Charny CAN"]
[Date "1990.01.07"]
[Round "4"]
[White "Girard, Robin"]
[Black "Auger, Bertrand"]
[Result "1/2-1/2"]
[WhiteElo "2233"]
[BlackElo "1959"]
[PlyCount "43"]
[EventDate "1990.01.05"]
[EventType "swiss"]
[EventRounds "5"]
[EventCountry "CAN"]

1. e4 Nf6 2. e5 Nd5 3. d4 d6 4. Nf3 g6 5. Bc4 Nb6 6. Bb3 Bg7 7. a4 a5 8. O-O
O-O 9. Re1 d5 10. Bf4 Bg4 11. h3 Bxf3 12. Qxf3 e6 13. Nd2 c5 14. dxc5 N6d7 15.
c4 d4 16. Qxb7 Na6 17. Qf3 Ndxc5 18. Bd1 Rb8 19. b3 Qc7 20. Qg3 Nb4 21. Re4
Nbd3 22. Re2 1/2-1/2

[Event "Beloeil"]
[Site "Beloeil CAN"]
[Date "1989.06.25"]
[Round "1"]
[White "Girard, Robin"]
[Black "Morin, Louis"]
[Result "1-0"]
[WhiteElo "2155"]
[BlackElo "1937"]
[PlyCount "83"]
[EventDate "1989.06.25"]
[EventType "swiss"]
[EventRounds "3"]
[EventCountry "CAN"]

1. e4 e5 2. f4 exf4 3. Bc4 d5 4. Bxd5 Nf6 5. Nc3 Nxd5 6. Nxd5 Bd6 7. Nf3 Be6 8.
Nc3 g5 9. e5 Be7 10. h3 c5 11. d3 Nc6 12. Ne4 Bf5 13. Qe2 Bxe4 14. Qxe4 Nd4 15.
Nxd4 Qxd4 16. Qxd4 cxd4 17. c4 O-O-O 18. Kf2 Rhe8 19. Bd2 Bf8 20. Rae1 Bg7 21.
h4 h6 22. hxg5 hxg5 23. Rh5 Rxe5 24. Rxe5 Bxe5 25. Rxg5 f6 26. Rg4 Rd6 27. Bxf4
Ra6 28. a3 Rb6 29. Bc1 Rc6 30. b4 b5 31. c5 a5 32. Bb2 axb4 33. axb4 f5 34. Rg5
Rf6 35. Ke2 Kd7 36. g4 Ke6 37. gxf5+ Rxf5 38. Rxf5 Kxf5 39. Kf3 Bf6 40. Bc1 Be5
41. Bb2 Bc7 42. Bc1 1-0

[Event "Quebec-ch"]
[Site "Montreal CAN"]
[Date "1989.06.14"]
[Round "3"]
[White "Girard, Robin"]
[Black "Fraser, Michel"]
[Result "1/2-1/2"]
[WhiteElo "2216"]
[BlackElo "2102"]
[PlyCount "59"]
[EventDate "1989.06.12"]
[EventType "tourn"]
[EventRounds "9"]
[EventCountry "CAN"]

1. e4 e6 2. d4 d5 3. Nc3 Bb4 4. e5 b6 5. a3 Bxc3+ 6. bxc3 Qd7 7. Nf3 Ba6 8.
Bxa6 Nxa6 9. O-O Nb8 10. a4 Nc6 11. Ba3 Na5 12. Bb4 Nc4 13. a5 Ne7 14. Ne1 h5
15. Nd3 Nc6 16. a6 Ne7 17. Nf4 g6 18. Qd3 O-O-O 19. Nh3 Nf5 20. Ng5 Rdg8 21.
Rfe1 Rg7 22. Ra2 Qc6 23. f3 h4 24. Nh3 g5 25. Nf2 Rg6 26. Ng4 Qe8 27. Nf6 Qd8
28. Ng4 Qe8 29. Nf6 Qd8 30. Ng4 1/2-1/2

[Event "Quebec-ch"]
[Site "Montreal CAN"]
[Date "1989.06.15"]
[Round "4"]
[White "Spraggett, Grant"]
[Black "Girard, Robin"]
[Result "1-0"]
[WhiteElo "2290"]
[BlackElo "2216"]
[PlyCount "67"]
[EventDate "1989.06.12"]
[EventType "tourn"]
[EventRounds "9"]
[EventCountry "CAN"]

1. c4 g6 2. Nc3 Nf6 3. g3 c6 4. e4 d5 5. cxd5 cxd5 6. e5 Ne4 7. Bg2 Bg7 8. f4
Nxc3 9. dxc3 e6 10. Be3 O-O 11. Nf3 f6 12. exf6 Bxf6 13. O-O Nc6 14. Re1 Bd7
15. Bf2 Qc7 16. Nd4 Rae8 17. Nb5 Qa5 18. a4 Be7 19. Bxd5 a6 20. Bb3 Rd8 21. Nd4
Rf6 22. Nxe6 Bxe6 23. Bxe6+ Kf8 24. Qe2 Bc5 25. Bc4 g5 26. b4 Bxf2+ 27. Qxf2
Qf5 28. Rf1 Rdd6 29. Qe2 g4 30. Rfe1 a5 31. b5 Qc5+ 32. Kh1 Ne5 33. fxe5 Rf2
34. Qxf2+ 1-0